LEADER 04407oam 2200577I 450 001 9910154589103321 005 20230808200630.0 010 $a1-351-94348-0 010 $a1-138-37604-3 010 $a1-315-25758-0 024 7 $a10.4324/9781315257587 035 $a(CKB)3710000000965307 035 $a(MiAaPQ)EBC4758468 035 $a(OCoLC)965444533 035 $a(BIP)63366882 035 $a(BIP)13099252 035 $a(EXLCZ)993710000000965307 100 $a20180706e20162009 uy 0 101 0 $aeng 135 $aurcnu|||||||| 181 $2rdacontent 182 $2rdamedia 183 $2rdacarrier 200 10$aDissident identities in the early modern Low Countries /$fAlastair Duke ; edited by Judith Pollmann, Andrew Spicer 210 1$aLondon :$cRoutledge,$d2016. 215 $a1 online resource (335 pages) $cillustrations 300 $aFirst published 2009 by Ashgate Publishing. 311 08$a0-7546-5679-9 311 08$a1-351-94349-9 320 $aIncludes bibliographical references and index. 327 $a1. The elusive Netherlands : the question of national identity in the early modern low countries on the eve of the revolt -- 2. The defence of the common fatherland : patriotism and liberty in the low countries, 1555-1576 -- 3. Moulded by repression : the early Netherlands reformation 1520-55 -- 4. The 'inquisition' and the repression of religious dissent in the Habsburg Netherlands 1521-1566 -- 5. A legend in the making : news of the 'Spanish inquisition' in the low countries in German evangelical pamphlet, 1546-1550 -- 6. Dissident propaganda and political organisation at the outbreak of the revolt of the Netherlands -- 7. Posters, pamphlets and prints : the ways and means of disseminating dissident opinions on the eve of the Dutch revolt -- 8. Calvinists and 'papist idolatry' : the mentality of the image-breakers in 1566 -- 9. Martyrs with a difference : Dutch anabaptist victims of Elizabethan persecution -- 10. The search for religious identity in a confessional age : the conversions of Jean Haren (c.1545-c.1613) -- 11. Calvinist loyalism : Jean Haren, Chimay and the demise of the Calvinist Republic of Bruges. 330 $aAlastair Duke has long been recognized as one of the leading scholars of the early modern Netherlands, known internationally for his important work on the impact of religious change on political events which was the focus of his Reformation and Revolt in the Low Countries (1990). Bringing together an updated selection of his previously published essays - together with one entirely new chapter and two that appear in English here for the first time - this volume explores the emergence of new political and religious identities in the early modern Netherlands. Firstly it analyses the emergence of a common identity amongst the amorphous collection of states in north-western Europe that were united first under the rule of the Valois Dukes of Burgundy and later the Habsburg princes, and traces the fortunes of this notion during the political and religious conflicts that divided the Low Countries during the second half of the sixteenth century. A second group of essays considers the emergence of dissidence and opposition to the regime, and explores how this was expressed and disseminated through popular culture. Finally, the volume shows how in the age of confessionalisation and civil war, challenging issues of identity presented themselves to both dissenting groups and individuals. Taken together these essays demonstrate how these dissident identities shaped and contributed to the development of the Netherlands during the early modern period. 606 $aInquisition$zNetherlands 606 $aNationalism$zBenelux countries$xHistory 607 $aBenelux countries$xHistory 607 $aBenelux countries$xChurch history$y16th century 607 $aNetherlands$xChurch history$y16th century 607 $aNetherlands$xHistory$yEighty Years' War, 1568-1648 615 0$aInquisition 615 0$aNationalism$xHistory. 676 $a949.203 700 $aDuke$b A. C.$0927924 701 $aPollmann$b Judith$0927925 701 $aSpicer$b Andrew$0195558 801 0$bMiAaPQ 801 1$bMiAaPQ 801 2$bMiAaPQ 906 $aBOOK 912 $a9910154589103321 996 $aDissident identities in the early modern Low Countries$92152685 997 $aUNINA LEADER 04898nam 22006135 450 001 9910337490103321 005 20230623164036.0 010 $a3-319-96286-8 024 7 $a10.1007/978-3-319-96286-3 035 $a(CKB)4100000007127527 035 $a(MiAaPQ)EBC5596948 035 $a(DE-He213)978-3-319-96286-3 035 $a(PPN)232473536 035 $a(EXLCZ)994100000007127527 100 $a20181109d2019 u| 0 101 0 $aeng 135 $aurcnu|||||||| 181 $ctxt$2rdacontent 182 $cc$2rdamedia 183 $acr$2rdacarrier 200 00$aEmergency general surgery $ea practical approach /$fCarlos V.R. Brown, Kenji Inaba, Matthew J. Martin, Ali Salim, editors 205 $a1st ed. 2019. 210 1$aCham :$cSpringer International Publishing :$cImprint: Springer,$d2019. 210 4$dİ2019 215 $a1 online resource (521 pages) 311 08$a3-319-96285-X 320 $aIncludes bibliographical references and index. 327 $aDefinition of Emergency General Surgery (EGS) and its Burden on the Society -- Evaluating the Acute Abdomen -- Imaging in Emergency General Surgery -- Antibiotics in Emergency General Surgery -- Esophageal Perforation -- Variceal Hemorrhage for the Acute Care Surgeon -- Upper Gastrointestinal Bleeding -- Gastroduodenal Perforations -- Benign and Malignant Gastric Outlet Obstruction -- Acute Cholecystitis -- Choledocholithiasis -- Acute Cholangitis -- Gallstone Ileus -- Acute Pancreatitis -- Hepatic Abscess -- Small Bowel Obstruction -- Small Bowel Perforation -- Inflammatory Bowel Disease -- Small Bowel Sources of Gastrointestinal Bleeds -- Mesenteric Ischemia -- Acute Appendicitis -- Diverticulitis -- Clostridium difficile Infection -- Large Bowel Obstruction: Current Techniques and Trends in Management -- Lower GI Bleeds -- Ischemic Colitis -- Ogilvie's Syndrome -- Colon Volvulus -- The Treatment of Peri-rectal Abscesses for the Emergency General Surgeon -- Diagnosis and Treatment of Acute Hemorrhoidal Disease and the Complications of Hemorrhoidal Procedures -- Spontaneous Pneumothorax -- Empyema -- INCARCERATED INGUINAL HERNIAS -- INCARCERATED UMBILICAL AND VENTRAL HERNIA REPAIR -- PARAESOPHAGEAL HERNIA AND GASTRIC VOLVULUS -- Extremity Compartment Syndrome -- Abdominal Compartment Syndrome and the Open Abdomen -- Necrotizing soft tissue infection -- Management of Bariatric Complications for the General Surgeon -- Emergency General Surgery in the Elderly: -- Non-obstetric Emergency Surgery in the Pregnant Patient -- Emergency General Surgery in the Immunocompromised Surgical Patient -- Cirrhosis -- Surgical Palliative Care, "Heroic Surgery," and End-of-Life Care. 330 $aThe field of emergency general surgery encompasses a wide array of surgical diseases, ranging from the simple to the complex. These diseases may include inflammatory, infectious, and hemorrhagic processes spanning the entire gastrointestinal tract, complications of abdominal wall hernias, compartment syndromes, skin and soft tissue infections, and surgical diseases significantly complicated in special populations including elderly, obese, pregnant, immunocompromised, and cirrhotic patients. This book covers emergency general surgery topics in a succinct, practical, understandable fashion. After reviewing the general principles in caring for the emergency general surgery patient, this text discusses current evidence and the best practices stratified by organ system, including esophageal, gastroduodenal, hepatobiliary and pancreatic, small and large bowel, anorectal, thoracic, and hernias. Chapters are written by experts in the field and present a logical, straightforward, and easy to understand approach to the emergency general surgery patient, as well as provide patient care algorithms where appropriate. Emergency General Surgery: A Practical Approach provides surgeons and surgery residents with a practical and evidence-based approach to diagnosing and managing a wide array of surgical diseases encountered on emergency general surgery call. 606 $aSurgery 606 $aTraumatology 606 $aSurgery, Operative 606 $aMedical emergencies 606 $aSurgical Procedures, Operative$3(DNLM)D013514 606 $aEmergencies$3(DNLM)D004630 606 $aGeneral Surgery 606 $aTraumatology$3(DNLM)D014194 615 0$aSurgery. 615 0$aTraumatology. 615 0$aSurgery, Operative. 615 0$aMedical emergencies. 615 12$aSurgical Procedures, Operative. 615 12$aEmergencies. 615 2$aGeneral Surgery. 615 2$aTraumatology. 676 $a617.026 702 $aBrown$b Carlos 702 $aInaba$b Kenji 702 $aMartin$b Matthew J. 702 $aSa?lim$b ?Ali? 906 $aBOOK 912 $a9910337490103321 996 $aEmergency General Surgery$91742310 997 $aUNINA